Manual técnico forestal

Bibliographic Details
Main Author: Instituto técnico forestal
Format: Section = Libro
Language:Undetermined
Spanish
Published: Managua [s.e.] 1993
Subjects:
LEADER 00521nam a2200193Ia 4500
008 240830s9999 xx 000 0 und d
040 |a B-ESTELÍ- RUACS / 333.75 I59 
041 |a spa 
082 |a 333.75 I59 
100 1 |a Instituto técnico forestal 
245 1 0 |a Manual técnico forestal 
260 |a Managua  |b [s.e.]  |c 1993 
300 |a 249 p. 
650 7 |a BOSQUES - NICARAGUA 
650 7 |b  CONSERVACION DE BOSQUES - NICARAGUA 
650 7 |c  REFORESTACION - NICARAGUA 
942 |c BK  |2 ddc 
991 |a TEXTO 
999 |c 10760